Melinda y Melinda
Melinda (Radha Mitchell) sufre dos crisis completamente diferentes que dan lugar a situaciones cómicas y dramáticas, que sirven para abordar las cuestiones recurrentes del cine de Allen: la fragilidad del amor, la infidelidad dentro del matrimonio, el romance sofisticado, la incomunicación.
Guardado en:
| Autor Principal: | |
|---|---|
| Autor Corporativo: | |
| Otros Autores: | , , |
| Formato: | |
| Idioma: | Undetermined |
| Publicado: |
Estados Unidos :
Searchlight Pictures,
2004.
|
| Materias: | |
| Etiquetas: |
Agregar Etiqueta
Sin Etiquetas, Sea el primero en etiquetar este registro!
|
| LEADER | 01129ngm a22002415a 4500 | ||
|---|---|---|---|
| 001 | CEM.cems020592 | ||
| 008 | 231030s2004####xx#---############vlund#d | ||
| 005 | 20231030191528.0 | ||
| 245 | 1 | 0 | |a Melinda y Melinda |h [videograbación] / |c Woody Allen. |
| 260 | |a Estados Unidos : |b Searchlight Pictures, |c 2004. | ||
| 300 | |a 95'. | ||
| 520 | |a Melinda (Radha Mitchell) sufre dos crisis completamente diferentes que dan lugar a situaciones cómicas y dramáticas, que sirven para abordar las cuestiones recurrentes del cine de Allen: la fragilidad del amor, la infidelidad dentro del matrimonio, el romance sofisticado, la incomunicación. | ||
| 590 | |a Identificación anterior: 251 | ||
| 538 | |a Soporte: DVD -- Formato: AVI Peso: 699mb -- Resolución: 584 x 304 -- 25 fps | ||
| 500 | |a Idioma: doblada al español. | ||
| 100 | 1 | |a Allen, Woody. | |
| 700 | 1 | |a Mitchell, Radha; Reparto. | |
| 700 | 1 | |a Ejiofor, Chiwetel; Reparto. | |
| 700 | 1 | |a Ferrell, Will; Reparto. | |
| 710 | 2 | |a Searchlight Pictures. | |
| 653 | |a LARGOMETRAJE | ||
| 653 | |a FICCIÓN | ||
| 859 | |a CEMS |b BIB. CEMS - Depto. Recursos Didacticos |h 778.5 |i ALL-3 |k DRD |p 3195.23 |t Ej.1 | ||
